Воздействие волновых течений на литодинамическую и инженерно-геологическую обстановку дна в мелководных акваториях (Запись № 1582279)

Подробности
000 -МАРКЕР
контрольное поле 02531nam0a2200385 4500
001 - ИДЕНТИФИКАТОР ЗАПИСИ
контрольное поле RU\NLR\bibl\1770901
005 - ИДЕНТИФИКАТОР ВЕРСИИ
контрольное поле 20260405160015.0
010 ## - МЕЖДУНАРОДНЫЙ СТАНДАРТНЫЙ НОМЕР КНИГИ (ISBN)
Номер (ISBN) 978-5-86813-292-6
Тираж 250
021 ## - НОМЕР ГОСУДАРСТВЕННОЙ РЕГИСТРАЦИИ
Код страны российская федерация
Номер 2011-31237
Номер Листа государственной регистраци 2220
035 ## - ДРУГИЕ СИСТЕМНЫЕ НОМЕРА
Идентификатор записи (NLR Aleph) 001761683
100 ## - ДАННЫЕ ОБЩЕЙ ОБРАБОТКИ
Данные общей обработки 20110520d2011 |||y0rusy50 ca
101 0# - ЯЗЫК РЕСУРСА
Язык текста, звукозаписи и т.д. русский
Язык резюме английский
Язык оглавления русский
-- английский
102 ## - СТРАНА ПУБЛИКАЦИИ ИЛИ ПРОИЗВОДСТВА
Страна публикации российская федерация
105 ## - ПОЛЕ КОДИРОВАННЫХ ДАННЫХ: ТЕКСТОВЫЕ МАТЕРИАЛЫ, МОНОГРАФИЧЕСКИЕ
Кодированные данные о монографическом текстовом документе ab |||||||||
200 1# - ЗАГЛАВИЕ И СВЕДЕНИЯ ОБ ОТВЕТСТВЕННОСТИ
Основное заглавие Воздействие волновых течений на литодинамическую и инженерно-геологическую обстановку дна в мелководных акваториях
Параллельное заглавие The action of wind currents on lithodynamic and engineering-geologic situation of the bottom of shallow-water basins
Сведения, относящиеся к заглавию (на примере Нарвского залива)
Первые сведения об ответственности А.Н. Павлов
Последующие сведения об ответственности М-во образования и науки Рос. Федерации, Гос. образоват. учреждение высш. проф. образования Рос. гос. гидрометеорол. ун-т
Язык параллельного заглавия английский
210 ## - ПУБЛИКАЦИЯ, РАСПРОСТРАНЕНИЕ И ДР.
Место издания, распространения и т.д. Санкт-Петербург
Имя издателя, распространителя и т. д. РГГМУ
Дата издания, распространения и т.д. 2011 (макет: 2010)
215 ## - ФИЗИЧЕСКАЯ ХАРАКТЕРИСТИКА
Специфическое обозначение материала и объем 98 с.
Другие сведения о физической характеристике ил., карт.
Размеры 20
300 ## - ОБЩИЕ ПРИМЕЧАНИЯ
Текст примечания Авт. также на англ. яз.: A.N. Pavlov
300 ## - ОБЩИЕ ПРИМЕЧАНИЯ
Текст примечания На 4-й с. обл. авт.: Павлов Александр Николаевич - д.г.-м.н.
300 ## - ОБЩИЕ ПРИМЕЧАНИЯ
Текст примечания Рез. на англ. яз.
320 ## - ПРИМЕЧАНИЯ О НАЛИЧИИ В ДОКУМЕНТЕ БИБЛИОГРАФИИ / УКАЗАТЕЛЯ
Текст примечания Библиогр.: с. 96 (7 назв.)
510 1# - ПАРАЛЛЕЛЬНОЕ ЗАГЛАВИЕ
Связь между полями z01790
Параллельное заглавие The action of wind currents on lithodynamic and engineering-geologic situation of the bottom of shallow-water basins
Язык заглавия английский
606 1# - НАИМЕНОВАНИЕ ТЕМЫ КАК ПРЕДМЕТ
Наименование темы Морское дно
Тематический подзаголовок Инженерно-геологические условия
-- Влияние течений
Географический подзаголовок Нарвский залив (Балтийское море)
Системный номер авторитетной/нормативной записи 2618862
Идентификатор авторитетной/нормативной записи RU\NLR\auth\661555422
606 1# - НАИМЕНОВАНИЕ ТЕМЫ КАК ПРЕДМЕТ
Наименование темы Морское дно
Тематический подзаголовок Литодинамика
-- Влияние течений
Географический подзаголовок Нарвский залив (Балтийское море)
Системный номер авторитетной/нормативной записи 2618860
Идентификатор авторитетной/нормативной записи RU\NLR\auth\661555420
686 ## - ИНДЕКСЫ ДРУГИХ КЛАССИФИКАЦИЙ
Индекс Д542.6(922.04)
686 ## - ИНДЕКСЫ ДРУГИХ КЛАССИФИКАЦИЙ
Индекс Д548.9(922.04)
700 #1 - ИМЯ ЛИЦА - ПЕРВИЧНАЯ ОТВЕТСТВЕННОСТЬ
Код отношения Автор
Материалы, к которым относится поле rus
Графика поля Кириллица
Начальный элемент ввода Павлов
Часть имени, кроме начального элемента ввода А. Н
Даты 1933-
Расширение инициалов личного имени Александр Николаевич
Дополнения к именам, кроме дат д-р геол.-минерал. наук
Идентификатор авторитетной/нормативной записи RU\NLR\auth\7723694
Системный номер авторитетной/нормативной записи 6747
790 #1 - ИМЯ ЛИЦА - АЛЬТЕРНАТИВНАЯ ФОРМА
Код отношения Автор
Материалы, к которым относится поле rus
Графика поля Латинская
Начальный элемент ввода Pavlov
Часть имени, кроме начального элемента ввода A. N.
Дополнения к именам, кроме дат д-р геол.-минерал. наук
Даты 1933-
Расширение инициалов личного имени Aleksandr Nikolaevič
Идентификатор авторитетной/нормативной записи RU\NLR\auth\7766725
Системный номер авторитетной/нормативной записи 49653
801 #0 - ИСТОЧНИК ЗАПИСИ
Страна российская федерация
Организация NLR
Дата составления 20110520
Правила каталогизации RCR
801 #1 - ИСТОЧНИК ЗАПИСИ
Страна российская федерация
Организация NLR
Дата составления 20110520
942 ## - ДОПОЛНИТЕЛЬНЫЕ ЭЛЕМЕНТЫ ЗАПИСИ (АБИС)
Тип экземпляра АБИС Книга
980 ## - КОЛЛЕКЦИЯ
Название коллекции Национальная библиография
980 ## - КОЛЛЕКЦИЯ
Название коллекции НБР
Экземпляры
Тип экземпляра Дата поступления Источник поступления Библиотека постоянного хранения Библиотека текущего хранения Место хранения Шифр хранения Штрих-код Статус не для выдачи
Книга 20.05.2011 Обязательный экземпляр РНБ (Московский) РНБ (Московский) Русский книжный фонд: издания с 1957 года, 8этаж 2011-4/4232 3420446  
Книга 20.05.2011 Обязательный экземпляр РНБ (Московский) РНБ (Московский) Русский книжный фонд: издания с 1957 года, 8этаж 2011-4/4232 3420447